ঢ়
ক্ষ
ড়
ঢ়
য়
র-ফলা‌‌‌
 
 
য-ফলা
ি
 
 
রেফ
 
 
 
যুক্ত করুন/হসন্ত
Space
Enter

8 Bengal Masters: (Record no. 8635)

000 -LEADER
fixed length control field 00741nam a2200217 4500
001 - CONTROL NUMBER
control field 22693
003 - CONTROL NUMBER IDENTIFIER
control field BD-DhUAP
005 - DATE AND TIME OF LATEST TRANSACTION
control field 20250703160944.0
008 - FIXED-LENGTH DATA ELEMENTS--GENERAL INFORMATION
fixed length control field 250703b2015 ii a|eo| |||| 001 0aeng d
020 ## - INTERNATIONAL STANDARD BOOK NUMBER
International Standard Book Number 9789385360015
020 ## - INTERNATIONAL STANDARD BOOK NUMBER
International Standard Book Number 9781935677604
040 ## - CATALOGING SOURCE
Original cataloging agency BD-DhUAP
Language of cataloging Eng
Transcribing agency BD-DhUAP
Modifying agency BD-DhUAP
Description conventions BD-DhUAP
082 ## - DEWEY DECIMAL CLASSIFICATION NUMBER
Edition number 23
Classification number 759.954 MAJ
100 ## - MAIN ENTRY--PERSONAL NAME
Personal name Majumdar, Soumik Nandy.
Relator term (Author)
245 ## - TITLE STATEMENT
Title 8 Bengal Masters:
Remainder of title Miracles of Existence /
Statement of responsibility, etc. Soumik Nandy Majumdar (Author).
260 ## - PUBLICATION, DISTRIBUTION, ETC.
Place of publication, distribution, etc. Panchvati ;
Name of publisher, distributor, etc. MapinPub ,
Date of publication, distribution, etc. 2015.
300 ## - PHYSICAL DESCRIPTION
Extent 120 pages :
Other physical details illustrations (chiefly color), portraits ;
Dimensions 31 cm .
650 ## - SUBJECT ADDED ENTRY--TOPICAL TERM
Topical term or geographic name entry element Art bengali 20e siècle Expositions
Form subdivision 1900-1999
650 ## - SUBJECT ADDED ENTRY--TOPICAL TERM
Topical term or geographic name entry element Art, Bengali 20th century Exhibitions.
942 ## - ADDED ENTRY ELEMENTS (KOHA)
Source of classification or shelving scheme
Koha item type Book
Holdings
Withdrawn status Lost status Source of classification or shelving scheme Damaged status Not for loan Permanent Location Current Location Shelving location Date acquired Full call number Barcode Date last seen Copy number Cost, replacement price Price effective from Koha item type
          UAP Central Library UAP Central Library General Stacks 2025-07-03 759.954 MAJ 3010022693 2025-07-03 1 3900.00 2025-07-03 Book

All rights reserved © UAP Central Library,
University of Asia Pacific.